[Event "Oberbayerische Jugend-EM 2013/14  U16"]
[Site "Bairawies"]
[Date "2014.03.06"]
[Round "1"]
[White "Steinle, Simon"]
[Black "Walter, Tobias"]
[Result "0-1"]
[BlackElo "1804"]
[WhiteElo "1422"]

1.e4 e6 2.d4 d5 3.exd5 exd5 4.Nc3 c6 5.Nf3 Nf6 6.Be2 Bd6 7.O-O O-O 8.Bg5 h6 9.Bxf6
Qxf6 10.Re1 Bf5 11.Bd3 Bg4 12.Be2 Nd7 13.h3 Bh5 14.a3 Rfe8 15.Qd2 Nf8 16.Na4 Ne6
17.Ne5 Bxe2 18.Rxe2 Nxd4 19.Qxd4 Bxe5 20.Qb4 Bd4 21.Rae1 Rxe2 22.Rxe2 b6 23.Nc3 Bxc3
24.Qxc3 Qxc3 25.bxc3 Kf8 26.g4 Re8 27.Kf1 Rxe2 28.Kxe2 Ke7 29.Kd3 Kd6 30.c4 dxc4+
31.Kxc4 Ke5 32.Kd3 Kf4 33.Ke2 b5 34.c3 a5 35.Kf1 Kf3 36.Kg1 g5 37.Kf1 c5 38.Kg1 b4
  0-1

[Event "Oberbayerische Jugend-EM 2013/14  U16"]
[Site "Bairawies"]
[Date "2014.03.06"]
[Round "1"]
[White "Goderbauer, Benedikt"]
[Black "Tupta, Szymon"]
[Result "1-0"]
[BlackElo "1389"]
[WhiteElo "1791"]

1.e4 c6 2.f4 d5 3.Nf3 dxe4 4.Ng5 Nf6 5.Bc4 e6 6.Nc3 Be7 7.Ngxe4 Nbd7 8.d3 b6 9.O-O
Bb7 10.Qe2 h6 11.f5 Nxe4 12.Nxe4 e5 13.Qh5 Rf8 14.f6 Nxf6 15.Qxe5 Nxe4 16.Qxe4 Qd7
17.Bd2 c5 18.Qe2 Qd4+ 19.Kh1 f6 20.Rae1 O-O-O 21.Qxe7 Rde8   1-0

[Event "Oberbayerische Jugend-EM 2013/14  U16"]
[Site "Bairawies"]
[Date "2014.03.06"]
[Round "1"]
[White "Wagner, Patrick"]
[Black "Schumann, Oliver"]
[Result "1-0"]
[BlackElo "1523"]
[WhiteElo "1348"]

1.e4 e5 2.Nf3 Nc6 3.Bc4 Bc5 4.c3 Nf6 5.d4 exd4 6.cxd4 Bb6 7.Nc3 d6 8.h3 h6 9.O-O Bd7
10.Re1 O-O 11.Bf4 Qc8 12.Rc1 Rd8 13.a3 a6 14.e5 dxe5 15.Nxe5 Be6 16.d5 Ba7 17.Nxc6
bxc6 18.Qf3 cxd5 19.Bd3 c5 20.Be5 d4 21.Ne4 Nxe4 22.Qxe4 g6 23.Qh4 Kh7 24.Qf6 Rg8
25.Qh4 Bb8 26.Bf6 Bf5 27.Bg5 h5 28.Be2 Qc7 29.g3 Kg7 30.Bf6+ Kf8 31.Bxh5 gxh5 32.Be7+
Kg7 33.Qf6+ Kh7 34.Qxf5+ Kh6 35.Qf6+ Rg6 36.Qh8#   1-0

[Event "Oberbayerische Jugend-EM 2013/14  U16"]
[Site "Bairawies"]
[Date "2014.03.06"]
[Round "1"]
[White "Huber, Michael"]
[Black "Hornstein, Anton"]
[Result "1-0"]
[BlackElo "1209"]
[WhiteElo "1497"]

1.e4 e5 2.Nf3 Nc6 3.Bc4 Bc5 4.d3 h6 5.Nc3 d6 6.Be3 Bb6 7.d4 exd4 8.Nxd4 Nxd4 9.Bxd4
Bxd4 10.Qxd4 Nf6 11.O-O-O Be6 12.e5 c5 13.Bb5+ Nd7 14.Qxd6 a6 15.Bxd7+ Bxd7 16.Rhe1
Qe7 17.Qxe7+ Kxe7 18.Nd5+ Kf8 19.Nc7 Rd8 20.e6 fxe6 21.Nxe6+ Kf7 22.Nxd8+ Rxd8 23.Re5
b6 24.Red5 Ke7 25.Rd6   1-0

[Event "Oberbayerische Jugend-EM 2013/14  U16"]
[Site "Bairawies"]
[Date "2014.03.06"]
[Round "1"]
[White "Limbrunner, Steven"]
[Black "Santiago, Nicolas"]
[Result "1-0"]
[BlackElo "1487"]
[WhiteElo "1203"]

1.e4 c5 2.c4 d6 3.Nc3 Nc6 4.g3 e5 5.Bg2 Nf6 6.Nge2 Be6 7.d3 Be7 8.O-O O-O 9.f4 exf4
10.gxf4 Bg4 11.f5 Nd7 12.Rf4 Bxe2 13.Qxe2 Nd4 14.Qd1 Ne5 15.Nd5 Bg5 16.Rf2 Bxc1 17.Rxc1
Kh8 18.Bh1 Qh4 19.Rb1 g5 20.Qf1 g4 21.Rf4 Nef3+ 22.Bxf3 Nxf3+ 23.Qxf3 Rg8 24.Qg3
Qg5 25.Kf2 h5 26.Rg1 Rab8 27.h3 Qg7 28.f6 Qg5 29.hxg4 Qe5 30.Rf5 Qxb2+ 31.Kf3 Rg6
32.Rxh5+ Kg8 33.Ne7+   1-0

[Event "Oberbayerische Jugend-EM 2013/14  U16"]
[Site "Bairawies"]
[Date "2014.03.06"]
[Round "1"]
[White "von Schlippe, Wassily"]
[Black "Kleine, Jakob"]
[Result "1-0"]
[BlackElo "1183"]
[WhiteElo "1472"]

1.e4 e5 2.Nf3 Nc6 3.Bb5 Bc5 4.O-O Nf6 5.Re1 d6 6.h3 Bd7 7.c3 O-O 8.d4 exd4 9.cxd4
Bb6 10.Bg5 Nb8 11.Bxd7 Nbxd7 12.e5 h6 13.Bh4 g5 14.Nxg5 hxg5 15.Bxg5 Re8 16.exf6
Rxe1+ 17.Qxe1 Bxd4 18.Nc3 Bxf6 19.Bxf6 Nxf6 20.Qe3 Nh7 21.Re1 Rc8 22.Qxa7 Rb8 23.Qe3
c6 24.Ne4 d5 25.Nc5 Qa5 26.Qg3+ Kh8 27.Qxb8+ Kg7 28.Qg3+   1-0

[Event "Oberbayerische Jugend-EM 2013/14  U16"]
[Site "Bairawies"]
[Date "2014.03.07"]
[Round "2"]
[White "Walter, Tobias"]
[Black "von Schlippe, Wassily"]
[Result "1-0"]
[BlackElo "1472"]
[WhiteElo "1804"]

1.d4 f5 2.Bf4 Nf6 3.e3 g6 4.h4 Bg7 5.Nf3 d6 6.Nc3 e6 7.Bd3 Nc6 8.Qe2 Bd7 9.O-O-O Qe7
10.e4 O-O-O 11.e5 dxe5 12.dxe5 Ng4 13.Bg5 Bh6 14.Bxh6 Nxh6 15.Nd2 Ng4 16.f4 Qc5 17.Nb3
Qb6 18.Rd2 Ne7 19.Bc4 c6 20.Na4 Qe3 21.Nac5 Nd5 22.Bxd5 cxd5 23.Qxe3 Nxe3 24.Nd4
Rhe8 25.Rd3 Nxg2 26.Rf3 b6 27.Nd3 a6 28.Rh2 Nxf4 29.Nxf4 Kb7 30.Rg3 Rc8 31.h5 Rc4
32.c3 b5 33.hxg6 hxg6 34.Rxg6 b4 35.Kd2 bxc3+ 36.bxc3 Rec8 37.Rh3 Ra4 38.Rg7 Rc7
39.Rhh7 Rxa2+ 40.Ke3 Rxc3+ 41.Nd3 Kb6 42.Rxd7 Raa3 43.Rd6+ Ka5 44.Nc6+ Kb5 45.Na7+
Ka5 46.Rxe6 Rxd3+ 47.Kf4 Rf3+ 48.Kg5 Kb4 49.Kf6 f4 50.Rc6 Kb3 51.e6 Re3 52.e7 a5
53.Re6 Rxe6+ 54.Kxe6 Kc2 55.Kd7 Re3 56.Rh4 d4 57.Rxf4 Rxe7+ 58.Kxe7 Kc3 59.Nb5+ Kb3
60.Rxd4   1-0

[Event "Oberbayerische Jugend-EM 2013/14  U16"]
[Site "Bairawies"]
[Date "2014.03.07"]
[Round "2"]
[White "Kobl, Rudolf"]
[Black "Goderbauer, Benedikt"]
[Result "0-1"]
[BlackElo "1791"]
[WhiteElo "1442"]

1.e4 c6 2.d4 d5 3.Nc3 dxe4 4.Nxe4 Bf5 5.Nc3 Nf6 6.Bc4 e6 7.Bg5 Nbd7 8.Nf3 Bd6 9.O-O
O-O 10.Re1 Qc7 11.h3 h6 12.Be3 Nd5 13.Nxd5 cxd5 14.Bd3 Bxd3 15.Qxd3 Rfc8 16.c3 Rab8
17.Rac1 b5 18.b3 a5 19.Kh1 Rb7 20.Red1 Nf6 21.Kg1 Qb8 22.c4 bxc4 23.bxc4 dxc4 24.Rxc4
Rxc4 25.Qxc4 Rb1 26.Rf1 Rxf1+ 27.Qxf1 Qb2 28.Qc4 Qb1+ 29.Qc1 Qxa2 30.g3 Nd5 31.Kg2
a4 32.Ne5 Bxe5 33.dxe5 Nxe3+ 34.Qxe3 a3 35.Qc3 Qb2 36.Qc8+ Kh7 37.Qa6 a2 38.Qd3+
g6 39.Qd7 Qxe5 40.Qxf7+ Qg7 41.Qxe6 a1=Q   0-1

[Event "Oberbayerische Jugend-EM 2013/14  U16"]
[Site "Bairawies"]
[Date "2014.03.07"]
[Round "2"]
[White "Wagner, Patrick"]
[Black "Huber, Michael"]
[Result "1-0"]
[BlackElo "1497"]
[WhiteElo "1348"]

1.e4 c6 2.d4 d5 3.Nc3 dxe4 4.Nxe4 Nd7 5.Ng5 Ngf6 6.Bc4 e6 7.Qe2 Nb6 8.Bd3 h6 9.Ne4
Qxd4 10.Nf3 Qd8 11.Bf4 Nbd5 12.Be5 Be7 13.O-O Nxe4 14.Bxe4 Bf6 15.c4 Bxe5 16.cxd5
cxd5 17.Nxe5 dxe4 18.Rfd1 Qb6 19.Nc4 Qb4 20.Nd6+ Ke7 21.Rac1 Qa5 22.Qxe4 Rd8 23.Qf4
f6 24.Qg3 g5 25.Qd3 f5 26.Rc2 b5 27.Qd4 Rg8 28.Nxf5+ exf5 29.Qd6+ Kf7 30.Rc7+   1-0

[Event "Oberbayerische Jugend-EM 2013/14  U16"]
[Site "Bairawies"]
[Date "2014.03.07"]
[Round "2"]
[White "Schumann, Oliver"]
[Black "Limbrunner, Steven"]
[Result "1/2-1/2"]
[BlackElo "1203"]
[WhiteElo "1523"]

1.e4 c5 2.Nf3 Nc6 3.d4 cxd4 4.Nxd4 Nf6 5.Nc3 e5 6.Nf3 Be7 7.Bc4 O-O 8.O-O d6 9.Be3
Bg4 10.Qe2 Qc7 11.Rfd1 a6 12.Nd5 Nxd5 13.Bxd5 Rac8 14.Rac1 Nb4 15.a3 Nxd5 16.Rxd5
Rfd8 17.Rdd1 Be6 18.Nd2 d5 19.exd5 Bxd5 20.c4 Bc6 21.b4 b5 22.c5 f5 23.f3 Rd7 24.Nf1
Rcd8 25.Bf2 Bf6 26.Ng3 g6 27.Rb1 Rd5 28.Rxd5 Bxd5 29.Rd1 Bc4   1/2-1/2

[Event "Oberbayerische Jugend-EM 2013/14  U16"]
[Site "Bairawies"]
[Date "2014.03.07"]
[Round "2"]
[White "Santiago, Nicolas"]
[Black "Hornstein, Anton"]
[Result "1-0"]
[BlackElo "1209"]
[WhiteElo "1487"]

1.d4 d5 2.c4 c6 3.cxd5 cxd5 4.Nc3 Nc6 5.Bf4 Bf5 6.e3 a6 7.Qb3 Nf6 8.Qxb7 Rc8 9.Qxa6
e6 10.Bb5 Qd7 11.Nf3 Bd6 12.Bxd6   1-0

[Event "Oberbayerische Jugend-EM 2013/14  U16"]
[Site "Bairawies"]
[Date "2014.03.07"]
[Round "2"]
[White "Kleine, Jakob"]
[Black "Steinle, Simon"]
[Result "1/2-1/2"]
[BlackElo "1422"]
[WhiteElo "1183"]

1.e4 e6 2.d4 d5 3.exd5 exd5 4.Bd3 Nf6 5.Nf3 Bg4 6.Nbd2 Nc6 7.O-O Be7 8.h3 Bh5 9.Re1
Nxd4 10.c3 Nxf3+ 11.Nxf3 O-O 12.Bg5 h6 13.Bh4 Re8 14.Be2 Bxf3 15.Bxf3 c6 16.Qd3 Qd6
17.Rad1 Rad8 18.c4 dxc4 19.Qxd6 Rxd6 20.Bxf6 Rxd1 21.Bxd1 gxf6 22.Re4 b5 23.Bf3 c5
24.Rg4+ Kf8 25.Bc6 Rb8 26.Rg3 Rb6 27.Bd7 Rb8 28.Ra3 Rb7 29.Bc6 b4 30.Rf3 Rb6 31.Bd5
c3 32.bxc3 bxc3 33.Rxc3 Bd6 34.Rb3 Rxb3 35.axb3 f5 36.g3 f4 37.g4 Ke7 38.Kg2 Bb8
39.Kf3 f6 40.Bc4 Be5 41.Ke4   1/2-1/2

[Event "Oberbayerische Jugend-EM 2013/14  U16"]
[Site "Bairawies"]
[Date "2014.03.07"]
[Round "3"]
[White "Goderbauer, Benedikt"]
[Black "Walter, Tobias"]
[Result "1/2-1/2"]
[BlackElo "1804"]
[WhiteElo "1791"]

1.e4 e6 2.f4 d5 3.e5 c5 4.c3 Nc6 5.Na3 Nh6 6.Nf3 Be7 7.Nc2 O-O 8.d4 Qb6 9.Be2 f6 10.O-O
Bd7 11.Kh1 Be8 12.dxc5 Bxc5 13.Ncd4 Nxd4 14.Nxd4 fxe5 15.fxe5 Rxf1+ 16.Bxf1 Bxd4
17.cxd4 Nf5 18.g4 Qxd4 19.Bg5 Qxd1 20.Rxd1 Nh6 21.Bxh6 gxh6 22.Bd3 Bg6 23.Bxg6 hxg6
24.Rc1 Rf8 25.Rc7 Rf7 26.Rc8+ Rf8 27.Rc7 Rf7 28.Rc8+ Rf8   1/2-1/2

[Event "Oberbayerische Jugend-EM 2013/14  U16"]
[Site "Bairawies"]
[Date "2014.03.07"]
[Round "3"]
[White "Limbrunner, Steven"]
[Black "Wagner, Patrick"]
[Result "0-1"]
[BlackElo "1348"]
[WhiteElo "1203"]

1.c4 Nf6 2.Nc3 e6 3.d4 c5 4.Nf3 d5 5.Bg5 cxd4 6.Nxd4 Nbd7 7.cxd5 exd5 8.e3 Bb4 9.Qc2
O-O 10.Bd3 h6 11.Bh4 Ne5 12.O-O Be7 13.Rac1 Be6 14.Bf5 Qd7 15.Rfd1 Rac8 16.Bxe6 fxe6
17.f3 Nc4 18.Qe2 e5 19.Nb3 g5 20.Bf2 Qe6 21.Nxd5 Nxd5 22.Rxc4 Nf4 23.exf4 Rxc4 24.Qxe5
Qxe5 25.fxe5 Rc2 26.Rd2 Rd8 27.Rxd8+ Bxd8 28.Bd4 Bb6 29.Bxb6 axb6 30.Nd4 Rxb2 31.e6
Kf8 32.Nf5 Rxa2 33.g3 b5 34.f4 b4 35.Nd4 Rd2 36.Nb3 Rd1+ 37.Kg2 Rb1 38.Nd4 b3 39.Nb5
b2 40.Nc3 Rc1   0-1

[Event "Oberbayerische Jugend-EM 2013/14  U16"]
[Site "Bairawies"]
[Date "2014.03.07"]
[Round "3"]
[White "Huber, Michael"]
[Black "Kobl, Rudolf"]
[Result "0-1"]
[BlackElo "1442"]
[WhiteElo "1497"]

1.e4 c5 2.Nf3 d6 3.d4 cxd4 4.Nxd4 Nf6 5.Nc3 g6 6.Be3 Bg7 7.f3 O-O 8.Qd2 Nc6 9.O-O-O
Bd7 10.g4 a6 11.h4 Rc8 12.h5 b5 13.hxg6 fxg6 14.Bh6 Rf7 15.g5 Ne8 16.Bxg7 Nxg7 17.Qh2
Ne6 18.Nxc6 Bxc6 19.Bd3 Nf4 20.Nd5 Nxd3+ 21.Rxd3 Bxd5 22.exd5 Qd7 23.f4 Qf5 24.Rh3
Kf8 25.c3 Ke8 26.Rxh7 Rxh7 27.Qxh7 Qxf4+ 28.Kb1 Qf5+ 29.Ka1 Qxg5 30.Re1 Kd7 31.Qf7
Qf6 32.Qe6+ Qxe6 33.dxe6+ Kc6 34.Rg1 Rg8 35.Rg5 d5 36.b3 Kd6 37.c4 dxc4 38.bxc4 
 0-1

[Event "Oberbayerische Jugend-EM 2013/14  U16"]
[Site "Bairawies"]
[Date "2014.03.07"]
[Round "3"]
[White "von Schlippe, Wassily"]
[Black "Santiago, Nicolas"]
[Result "0-1"]
[BlackElo "1487"]
[WhiteElo "1472"]

1.e4 c5 2.Nf3 d6 3.d4 cxd4 4.Nxd4 Nf6 5.Nc3 a6 6.f3 e6 7.Be3 Be7 8.Qd2 Nbd7 9.O-O-O
Qc7 10.g4 h6 11.g5 hxg5 12.Bxg5 b5 13.Bg2 Ne5 14.Nce2 Nc4 15.Qc3 Nxe4 16.fxe4 Bxg5+
17.Kb1 b4 18.Qg3 Bf6 19.h4 Bb7 20.h5 Rc8 21.h6 gxh6 22.Qb3 Bg5 23.Qxb4 Ne3 24.Bf3
Nxd1 25.Rxd1 e5 26.Bg4 exd4 27.Bxc8 Bxc8 28.Rxd4 Qc5 29.Qa4+ Ke7 30.Qb3 Qb5 31.Qc3
Rd8 32.Ng3 Bf6 33.Qc7+ Rd7 34.Nf5+ Qxf5   0-1

[Event "Oberbayerische Jugend-EM 2013/14  U16"]
[Site "Bairawies"]
[Date "2014.03.07"]
[Round "3"]
[White "Steinle, Simon"]
[Black "Schumann, Oliver"]
[Result "1/2-1/2"]
[BlackElo "1523"]
[WhiteElo "1422"]

1.e4 e5 2.Nf3 Nc6 3.Bb5 a6 4.Bxc6 dxc6 5.O-O Bd6 6.d4 exd4 7.Qxd4 f6 8.e5 fxe5 9.Re1
Ne7 10.Nxe5 O-O 11.Bg5 Be6 12.Qe3 Re8 13.Nxc6 bxc6 14.Qxe6+ Kh8 15.Nc3 Qb8 16.Qb3
Qa7 17.Bxe7 Rxe7 18.Rxe7 Bxe7 19.Re1 Bc5 20.Qf7 h6 21.Ne4 Rd8 22.Nxc5 Qxc5 23.Qxc7
Rd2 24.Rf1 Qxc2 25.Qc8+ Kh7 26.Qxa6 Qxb2 27.Qxc6 Qxa2 28.Qe4+ Kh8 29.Qf4 Qc2 30.Re1
Rd1 31.Qe3 Rxe1+ 32.Qxe1 Kh7 33.f3 Qc5+ 34.Qf2 Qc1+ 35.Qf1 Qxf1+ 36.Kxf1 Kg6 37.Kf2
Kf5 38.Kg3 Kg5 39.h4+ Kf5 40.Kf2 h5 41.Ke3 Ke5 42.g3 g6 43.g4 hxg4 44.fxg4 Ke6 45.Ke4
Kf6 46.Kf4 g5+ 47.hxg5+ Kg6 48.Ke4 Kxg5 49.Kf3 Kg6 50.Kf4 Kf6 51.g5+ Kg6 52.Kg4 Kg7
53.Kh5 Kh7 54.g6+ Kg7 55.Kg5 Kg8 56.Kh6 Kh8 57.Kg5 Kg7 58.Kf5 Kg8 59.Kf6 Kf8 60.g7+
Kg8   1/2-1/2

[Event "Oberbayerische Jugend-EM 2013/14  U16"]
[Site "Bairawies"]
[Date "2014.03.07"]
[Round "3"]
[White "Hornstein, Anton"]
[Black "Tupta, Szymon"]
[Result "1-0"]
[BlackElo "1389"]
[WhiteElo "1209"]

1.d4 Nf6 2.c4 c5 3.d5 b5 4.cxb5 a6 5.Nc3 axb5 6.Nxb5 Qa5+ 7.Nc3 Ne4 8.Qc2 Nxc3 9.Qxc3
Qxc3+ 10.bxc3 Ba6 11.e4 Bxf1 12.Kxf1 g6 13.Bb2 Bg7 14.Nf3 d6 15.Ke2 O-O 16.Rhb1 Nd7
17.c4 Rfb8 18.Bxg7 Rxb1 19.Rxb1 Rxa2+ 20.Rb2 Ra4 21.Rb7 Kxg7 22.Rxd7 Rxc4 23.Rxe7
Kf8 24.Kd3 Kxe7 25.Kxc4 h6 26.Nd2 Kf6 27.f4 g5 28.e5+ Ke7 29.Ne4 gxf4 30.exd6+ Kd7
31.Kxc5 f5 32.Nf6+ Kd8 33.Kc6 Kc8 34.d7+ Kd8 35.Nh7 f3 36.d6 fxg2 37.Nf8 g1=Q 38.Ne6#
  1-0

[Event "Oberbayerische Jugend-EM 2013/14  U16"]
[Site "Bairawies"]
[Date "2014.03.08"]
[Round "4"]
[White "Walter, Tobias"]
[Black "Wagner, Patrick"]
[Result "1/2-1/2"]
[BlackElo "1348"]
[WhiteElo "1804"]

1.d4 d5 2.Bf4 Nf6 3.e3 c6 4.Nf3 Nbd7 5.Nbd2 e6 6.Bd3 Be7 7.Ne5 Nxe5 8.Bxe5 Bd6 9.Bg3
Bxg3 10.hxg3 Qe7 11.f4 c5 12.c3 Bd7 13.Qf3 cxd4 14.exd4 h6 15.O-O-O O-O-O 16.Rde1
Qd6 17.g4 Rhf8 18.Nf1 Ne4 19.Bxe4 dxe4 20.Qe3 f5 21.gxf5 exf5 22.Nd2 Be6 23.Kb1 Qd5
24.b3 Rd6 25.Rc1 Rfd8 26.Rhd1 Ra6 27.Rc2 Rb6 28.Ka1 Ra6   1/2-1/2

[Event "Oberbayerische Jugend-EM 2013/14  U16"]
[Site "Bairawies"]
[Date "2014.03.08"]
[Round "4"]
[White "Santiago, Nicolas"]
[Black "Kobl, Rudolf"]
[Result "0-1"]
[BlackElo "1442"]
[WhiteElo "1487"]

1.d4 Nf6 2.c4 e6 3.Nc3 Bb4 4.Qc2 c5 5.Nf3 cxd4 6.Nxd4 O-O 7.Bf4 Nc6 8.Nxc6 bxc6 9.e3
d5 10.a3 Bxc3+ 11.Qxc3 Ne4 12.Qc2 Re8 13.Bd3 Nf6 14.O-O e5 15.Bg3 Bd7 16.Rfd1 h6
17.h3 Rb8 18.Rd2 Qb6 19.Rb1 a5 20.cxd5 cxd5 21.Qd1 Rbc8 22.Bh4 Rcd8 23.Bxf6 Qxf6
24.b4 axb4 25.axb4 Rb8 26.Be2 Be6 27.Bf3 e4 28.Be2 Rec8 29.Rc2 Rxc2 30.Qxc2 Rc8 31.Qd2
Qd8 32.Ba6 Rb8 33.b5 Qb6 34.Rc1 Qd6 35.Rc6 Qa3 36.Qd4 Bd7 37.Rb6 Qc1+ 38.Kh2 Qc7+
39.g3 Qxb6 40.Qxd5 Bxb5 41.Bxb5 Qxb5 42.Qxe4 Qe2 43.Kg2 Rb2 44.Qe8+ Kh7 45.Qe4+ g6
46.Qf4 Kg8 47.Qf6 Qb5 48.Qd8+ Kh7 49.Qf6 Qd5+ 50.Kf1 Qh1#   0-1

[Event "Oberbayerische Jugend-EM 2013/14  U16"]
[Site "Bairawies"]
[Date "2014.03.08"]
[Round "4"]
[White "Huber, Michael"]
[Black "Limbrunner, Steven"]
[Result "1-0"]
[BlackElo "1203"]
[WhiteElo "1497"]

1.e4 c5 2.Nf3 Nc6 3.d4 cxd4 4.Nxd4 Nf6 5.Nc3 e5 6.Nb3 Be7 7.Bc4 d6 8.O-O O-O 9.f4
a6 10.Qf3 Nb4 11.Bd3 Be6 12.f5 Nxd3 13.cxd3 Bxb3 14.axb3 Qb6+ 15.Kh1 Qxb3 16.d4 Qb6
17.dxe5 dxe5 18.Qg3 Nd7 19.Nd5 Qd6 20.b3 Rfe8 21.Ba3 Nc5 22.Nxe7+ Rxe7 23.f6 g6 24.fxe7
Qxe7 25.Rac1 Nxe4 26.Bxe7 Nxg3+ 27.hxg3 f5 28.g4 Re8 29.Rc7   1-0

[Event "Oberbayerische Jugend-EM 2013/14  U16"]
[Site "Bairawies"]
[Date "2014.03.08"]
[Round "4"]
[White "Schumann, Oliver"]
[Black "von Schlippe, Wassily"]
[Result "1-0"]
[BlackElo "1472"]
[WhiteElo "1523"]

1.e4 c5 2.Nf3 d6 3.d4 cxd4 4.Nxd4 Nf6 5.Nc3 a6 6.Bd3 e5 7.Nb3 Be7 8.Be3 O-O 9.h3 Be6
10.O-O Qc7 11.Qe2 Nc6 12.Rad1 Nb4 13.f4 Nxd3 14.cxd3 Bd7 15.Rc1 Qd8 16.Rfd1 Bc6 17.Qf3
Qb8 18.fxe5 dxe5 19.Na5 Bb5 20.a3 Bd7 21.Nc4 b5 22.Nb6 Ra7 23.Nbd5 Bd8 24.Bxa7 Qxa7+
25.Kh2 Be6 26.b4 Nxd5 27.Nxd5 f5 28.Qe3 Qb7 29.Qc5 f4 30.Qd6 Qf7 31.Qxe5 f3 32.gxf3
Bxh3 33.Kxh3 Qxf3+ 34.Qg3 Qh5+ 35.Kg2 Bh4 36.Qh3 Qg5+ 37.Kh1 h6 38.Rg1 Qf4   1-0

[Event "Oberbayerische Jugend-EM 2013/14  U16"]
[Site "Bairawies"]
[Date "2014.03.08"]
[Round "4"]
[White "Hornstein, Anton"]
[Black "Steinle, Simon"]
[Result "1-0"]
[BlackElo "1422"]
[WhiteElo "1209"]

1.e4 e6 2.d4 d5 3.Nc3 Bb4 4.a3 Bxc3+ 5.bxc3 dxe4 6.Qg4 g6 7.Qxe4 Nf6 8.Qh4 Nbd7 9.Bg5
b6 10.Bb5 Bb7 11.Bxf6 Qc8 12.Ne2 c6 13.Bxh8 cxb5 14.O-O Qc6 15.Qh3 Ke7 16.Bg7 f5
17.Qf3 Qxf3 18.gxf3 Bxf3 19.Rfe1 Rc8 20.Nf4 Rxc3 21.Nxe6 Kf7 22.Ng5+ Kxg7 23.Nxf3
Rxf3 24.Re7+ Kh6 25.Rxd7   1-0

[Event "Oberbayerische Jugend-EM 2013/14  U16"]
[Site "Bairawies"]
[Date "2014.03.08"]
[Round "4"]
[White "Kleine, Jakob"]
[Black "Tupta, Szymon"]
[Result "1/2-1/2"]
[BlackElo "1389"]
[WhiteElo "1183"]

1.e4 c5 2.Nf3 d6 3.h3 Nf6 4.Nc3 g6 5.Bc4 Bg7 6.d3 O-O 7.O-O Nc6 8.Be3 a6 9.e5 Nxe5
10.Nxe5 d5 11.Bxc5 dxc4 12.Nxc4 Nd7 13.Ba3 b5 14.Ne3 Nb6 15.Qf3 Rb8 16.Ncd5 Nxd5
17.Nxd5 Bb7 18.Bxe7 Bxd5 19.Qe3 Re8 20.Bxd8 Rxe3 21.fxe3 Rxd8 22.d4 Re8 23.Rae1 Bc4
24.Rf2 Bxd4 25.b3 Rxe3 26.Rxe3 Bxe3 27.bxc4 bxc4 28.Kf1 Bxf2 29.Kxf2 f5 30.Ke3 Kf7
31.Kd4 Ke6 32.Kxc4 Kd6 33.Kb4 Kc6 34.Ka5 Kc5   1/2-1/2

[Event "Oberbayerische Jugend-EM 2013/14  U16"]
[Site "Bairawies"]
[Date "2014.03.08"]
[Round "5"]
[White "Wagner, Patrick"]
[Black "Goderbauer, Benedikt"]
[Result "0-1"]
[BlackElo "1791"]
[WhiteElo "1348"]

1.e4 g6 2.d4 Bg7 3.Nc3 c6 4.Be3 d5 5.exd5 cxd5 6.Nf3 Bg4 7.h3 Bxf3 8.Qxf3 e6 9.Bd3
Nc6 10.O-O Nxd4 11.Qd1 Nc6 12.Re1 d4 13.Nb5 dxe3 14.Rxe3 a6 15.Nc3 Bxc3 16.bxc3 Nge7
17.Qf3 O-O 18.Rae1 Nd5 19.Re4 Qf6 20.Qg3 Qxc3 21.Rd1 Qg7 22.h4 Nc3   0-1

[Event "Oberbayerische Jugend-EM 2013/14  U16"]
[Site "Bairawies"]
[Date "2014.03.08"]
[Round "5"]
[White "Kobl, Rudolf"]
[Black "Walter, Tobias"]
[Result "0-1"]
[BlackElo "1804"]
[WhiteElo "1442"]

1.e4 e6 2.d4 d5 3.Nc3 Be7 4.e5 c5 5.Bb5+ Nc6 6.Nf3 Nh6 7.Bxh6 gxh6 8.Qd2 Qb6 9.O-O-O
Bd7 10.Rhf1 a6 11.Be2 cxd4 12.Nxd4 Nxe5 13.Qxh6 Nc6 14.Nxc6 bxc6 15.Qg7 Rf8 16.Qxh7
Rb8 17.b3 Qa5 18.Qd3 c5 19.Kb2 Bf6 20.Qg3 Rb7 21.Qf3 Bh8 22.Qg3 Bc6 23.Bg4 d4 24.Nb1
c4 25.a3 d3+ 26.Kc1 dxc2 27.Kxc2 cxb3+ 28.Kc1 b2+ 29.Kc2 Ba4+ 30.Kd3 Rb3+ 31.Ke2
Rxg3 32.hxg3 Bxd1+ 33.Rxd1 Ke7 34.Kf1 Rc8 35.Ke2 Rc1 36.Bf3 Rxd1 37.Kxd1 Qa4+ 38.Kd2
Qd4+ 39.Ke2 Qc4+ 40.Kd2 Qc1+   0-1

[Event "Oberbayerische Jugend-EM 2013/14  U16"]
[Site "Bairawies"]
[Date "2014.03.08"]
[Round "5"]
[White "Santiago, Nicolas"]
[Black "Huber, Michael"]
[Result "1/2-1/2"]
[BlackElo "1497"]
[WhiteElo "1487"]

1.d4 Nf6 2.c4 c5 3.d5 b5 4.f3 d6 5.e4 bxc4 6.Bxc4 g6 7.Nc3 Bg7 8.Be3 O-O 9.Qd2 Nbd7
10.Bh6 Ne5 11.Bb3 Bxh6 12.Qxh6 Nd3+ 13.Ke2 Ba6 14.Nh3 Qb6 15.Rab1 Nf4+ 16.Kd2 Nxh3
17.Qxh3 Qb4 18.Ke1 Nh5 19.g3 Qd4 20.Qg2 Qe3+ 21.Ne2 c4 22.Bc2 c3 23.bxc3 Rfc8 24.Qf2
Rxc3 25.Qxe3 Rxe3 26.Bd1 Rxf3 27.Rb3 Rxb3 28.Bxb3 Bd3 29.Kd2 Bxe4 30.Rc1 Nf6 31.Nc3
Rc8 32.Re1 Bf5 33.Rxe7 a5 34.Ra7   1/2-1/2

[Event "Oberbayerische Jugend-EM 2013/14  U16"]
[Site "Bairawies"]
[Date "2014.03.08"]
[Round "5"]
[White "von Schlippe, Wassily"]
[Black "Hornstein, Anton"]
[Result "0-1"]
[BlackElo "1209"]
[WhiteElo "1472"]

1.e4 e5 2.Nf3 Nc6 3.Bb5 a6 4.Ba4 Bc5 5.c3 Qe7 6.O-O d6 7.h3 h6 8.Re1 Bd7 9.d4 Bb6
10.Na3 Nf6 11.Nc4 Ba7 12.Bc2 O-O 13.d5 Nd8 14.Ne3 b5 15.a4 c6 16.dxc6 Nxc6 17.axb5
axb5 18.Nd5 Nxd5 19.exd5 Bxf2+ 20.Kxf2 Rxa1 21.dxc6 Bxc6 22.Qd3 e4 23.Qe3 Re8 24.Nd4
Qb7 25.Nxc6 Qxc6 26.Bxe4 Qxe4 27.Qxe4 Rxe4 28.Rxe4 Rxc1 29.Re8+ Kh7 30.Rb8 Rc2+ 31.Kg3
Rxb2 32.Rb6 Rb3 33.Rxd6 Rxc3+ 34.Kf2 b4 35.Rd7 Kg6 36.Rb7 b3 37.g3 Rc2+ 38.Kf3 b2
39.Rb5 Rh2 40.h4 Kh7 41.Rb6 g6 42.Rb7 Kg7 43.Rb6 f5 44.Rb7+ Kf6 45.Rb6+ Ke5 46.Rb5+
Kd4 47.Kf4 Rf2#   0-1

[Event "Oberbayerische Jugend-EM 2013/14  U16"]
[Site "Bairawies"]
[Date "2014.03.08"]
[Round "5"]
[White "Limbacher, Steven"]
[Black "Kleine, Jakob"]
[Result "1/2-1/2"]
[BlackElo "1183"]
[WhiteElo "1203"]

1.c4 e5 2.Nc3 Nc6 3.g3 Bc5 4.Bg2 d6 5.e4 Nf6 6.h3 Be6 7.d3 h6 8.Nge2 Qd7 9.Bd2 O-O-O
10.Na4 Bd4 11.Nxd4 Nxd4 12.b4 a6 13.Nc3 Kb8 14.a4 c6 15.Qb1 Kc7 16.b5 axb5 17.axb5
Rb8 18.bxc6 bxc6 19.Ra7+ Kc8 20.Qxb8+ Kxb8 21.Rxd7 Bxd7 22.O-O Kc7 23.h4 Bg4 24.Ra1
Rb8 25.Ra7+ Rb7 26.Rxb7+ Kxb7 27.Kf1 Nb3 28.Be3 Nd7 29.Ke1 Ndc5 30.Bxc5 Nxc5 31.Kd2
Nb3+ 32.Kc2 Nd4+ 33.Kd2 Kb6 34.Na2 Ka5 35.Kc3 Ka4 36.Nc1 Ka3 37.Bf1   1/2-1/2

[Event "Oberbayerische Jugend-EM 2013/14  U16"]
[Site "Bairawies"]
[Date "2014.03.08"]
[Round "5"]
[White "Tupta, Szymon"]
[Black "Steinle, Simon"]
[Result "1/2-1/2"]
[BlackElo "1422"]
[WhiteElo "1389"]

1.e4 e6 2.d4 d5 3.Nc3 Bb4 4.a3 Bxc3+ 5.bxc3 dxe4 6.Qg4 Nf6 7.Qxg7 Rg8 8.Qh6 Rg6 9.Qh4
Nc6 10.Bg5 Bd7 11.Bxf6 Qxf6 12.Qxe4 O-O-O 13.Nf3 Re8 14.Ne5 Nxe5 15.dxe5 Bc6 16.Qe3
Qg5 17.f4 Qh4+ 18.g3 Qh6 19.O-O-O b6 20.Ba6+ Kb8 21.Qd3 Rgg8 22.Rhe1 Qxh2 23.Rd2
Qh6 24.Red1 Qf8   1/2-1/2